Fertilizantes de Monclova : el arquitecto en el problema industrial /
Jaime Alfonso Ortiz Monasterio y de Garay (1928-2001), arquitecto mexicano distinguido por sus obras industriales a las que dotaba de un entorno hogareño. Estudió en la Escuela de Arquitectura de la Universidad Nacional Autónoma de México, y combinó la práctica profesional con la academia desde que...
Guardat en:
| Autor principal: | |
|---|---|
| Format: | Llibre |
| Idioma: | espanyol |
| Matèries: | |
| Etiquetes: |
Sense etiquetes, Sigues el primer a etiquetar aquest registre!
|
MARC
| LEADER | 00000nam^a2200000^a^4500 | ||
|---|---|---|---|
| 001 | 000186840 | ||
| 005 | 20250526000000.0 | ||
| 009 | 20260310102240.283 | ||
| 037 | |a Acervo ITESO - Biblioteca | ||
| 041 | |a ESP | ||
| 082 | |a 720. 972145 |b ORT | ||
| 100 | |a Ortiz Monasterio y de Garay, Jaime Alfonso |e (autor) | ||
| 245 | 1 | 0 | |a Fertilizantes de Monclova : |b el arquitecto en el problema industrial / |c J.A. Ortiz Monasterio y de Garay. |
| 264 | |a México : |b edición de autor, |c fecha no identificada | ||
| 300 | |a 1 v. (sin paginación) ; |c 32.0 cm. (gran formato) | ||
| 336 | |a texto |b txt |2 rdacontenido | ||
| 337 | |a sin mediación |b n |2 rdamedio | ||
| 338 | |a volumen |b nc |2 rdasoporte | ||
| 520 | |a Jaime Alfonso Ortiz Monasterio y de Garay (1928-2001), arquitecto mexicano distinguido por sus obras industriales a las que dotaba de un entorno hogareño. Estudió en la Escuela de Arquitectura de la Universidad Nacional Autónoma de México, y combinó la práctica profesional con la academia desde que era estudiante. Su obra consta de viviendas y oficinas, así como de arquitectura religiosa y restauraciones, siendo su mayor aportación arquitectónica, los célebres paraguas de madera laminada y la casa Yazbek (1985, Valle de Bravo, Estado de México), considerada su obra maestra dentro de la arquitectura moderna del siglo XX. Ganador del Premio de la Unión Internacional de Arquitectos (1996), en la categoría de Espacios de Convivencia, y del Premio Universidad Nacional (1999) en el área de Arquitectura y Diseño. Este libro es su tesis de titulación de licenciatura, la que mereció mención honorífica. | ||
| 593 | |a Tesis de Lic. en Arquitectura, UNAM | ||
| 649 | |a XX | ||
| 650 | |a Arquitectos Mexicanos | ||
| 650 | |a Artistas Mexicanos | ||
| 650 | |a Industria - |z Monclova, Coahuila | ||
| 650 | |a Industria - |z México | ||
| 650 | |a Diseño Arquitectónico - |z Monclova, Coahuila | ||
| 650 | |a Diseño Arquitectónico - |z México | ||
| 650 | |a Arquitectura Industrial - |z Monclova, Coahuila - |x Historia y Crítica - |x Tema Principal | ||
| 650 | |a Arquitectura Industrial - |z México - |x Historia y Crítica | ||
| 650 | |a Arquitectura Moderna - |x Historia y Crítica | ||
| 650 | |a Arquitectura Mexicana - |z Monclova, Coahuila - |x Historia y Crítica | ||
| 650 | |a Arquitectura Mexicana - |y Siglo XX | ||
| 650 | |a Arquitectura Mexicana - |x Historia y Crítica | ||
| 650 | |a Arte Moderno - |x Historia y Crítica | ||
| 650 | |a Arte Mexicano - |z Monclova, Coahuila - |x Historia y Crítica | ||
| 650 | |a Arte Mexicano - |y Siglo XX | ||
| 650 | |a Arte Mexicano - |x Historia y Crítica | ||
| 650 | |a Ortiz Monasterio y de Garay, Jaime Alfonso | ||
| 910 | |a Fondo Julio de la Peña Lomelín | ||
| 920 | |a Impresos - Tesis Externas | ||
| 930 | |a Libros Antiguos y Raros | ||
| 940 | |a Arquitectos Jaliscienses | ||
| 905 | |a 108 | ||
| 901 | |a 0500128524 |b IT2 |c LRA |u 20250526 | ||
| 902 | |a https://opac.biblio.iteso.mx/vufind/Record/000186840 | ||